000 00683nam a2200241Ia 4500
003 OSt
005 20220918105834.0
006 a|||||r|||| 00| 0
007 ta
008 220915b |||||||| |||| 00| 0 san d
024 _a73598
037 _cReference Collections
040 _aARTS
_cARTS
_bsan
041 _2san
_asan
082 _aP15,3:4k, 15K4 (RR)
100 _aRamnikvijam ed
_94328
245 0 _aEdaksharnaam kosh Sangarh
260 _aJodhpur
_bRajasthan Prachyavidya Pratishthan
_c1964
300 _a24,272p.
650 _aLINGUISTICS
942 _hP15,3:4k, 15K4 (RR)
_cREF
999 _c109798
_d109798